Statystyki dla Pytania o Skokach

Kliknij tutaj aby rozwiązać quiz!

Ogólne statystyki

  • Ten quiz został rozwiązany 559 razy
  • Średni wynik to 3 z 6

Statystyki odpowiedzi

ZagadnienieOdpowiedź% Poprawnych
który z tych skoczków nie zdobył Kryształowej Kuli?Junshiro Kobayashi
92%
Kto zajął 3 miejsce w konkursie na normalnej Skoczni Seefeld 2019?Stefan Kraft
68%
Największa duża skocznia to?Willingen HS145
62%
Który z tych skoczków nie wygrał TCS?Severin Freund
58%
Które miejsce zajął Andreas Stjernen w swoim ostatnim konkursie2
37%
Kto z tych skoczków wygrał w Zakopane?Kristian Brenden
6%

Rozkład punktacji

Percentyl według liczby udzielonych odpowiedzi

Procent ludzi z każdym wynikiem

Twoja historia wyników

Nie rozwiązałeś tego quizu